000 01011nam a2200253Ia 4500
003 OSt
005 20220923213933.0
006 a|||||r|||| 00| 0
007 ta
008 220922b |||||||| |||| 00| 0 hin d
024 _a165,720
037 _cTextual
040 _aARTS
_cARTS
_bhin
041 _2hin
_ahin
082 _aO15,1A1, 152K9
100 _aशर्मा, जगदीश
_9156290
245 0 _aवाल्मिीकी रामायण और रामचरितमानस
_b सौन्दर्य विधान का तुलनात्मक अध्ययन
246 _aVālmiīkī rāmāyaṇ aur rāmacharitamānasa: saundarya vidhān kā tulanātmak adhyayana
260 _aगुलाबपुरा
_b भारतीय संस्थान
_c1969
300 _a376 Ik`0
_ccm.
650 _aसंस्कृत साहित्य
942 _hO15,1A1, 152K9
_cTEXL
_2CC
999 _c320199
_d320199